Parallel'noje programmirovanije dlja mnogomogul'nych vyčislitel'nych sistem

Gespeichert in:
Bibliographische Detailangaben
1. Verfasser: Mirenkov, Nikolaj Nikolajevič
Format: Buch
Sprache:Russisch
Veröffentlicht: Moskva Radio i svjaz' 1989
Ausgabe:1. izd.
Tags: Tag hinzufügen
Keine Tags, Fügen Sie das erste Tag hinzu!

MARC

LEADER 00000nam a2200000 4500
001 c038257
005 20250523112803.9
041 0 |a rus 
044 |a RU 
245 1 0 |a Parallel'noje programmirovanije dlja mnogomogul'nych vyčislitel'nych sistem  |c Nikolaj Nikolajevič Mirenkov 
250 |a 1. izd. 
264 1 |a Moskva  |b Radio i svjaz'  |c 1989 
300 |a 319 s. 
100 1 |a Mirenkov, Nikolaj Nikolajevič